Illegality, inc. : clandestine migration and the business of bordering Europe
Αποθηκεύτηκε σε:
| Κύριος συγγραφέας: | |
|---|---|
| Μορφή: | Βιβλίο |
| Γλώσσα: | English |
| Δημοσίευση: |
Oakland :
University of California Press,
2014.
|
| Σειρά: | California series in public anthropology
|
| Θέματα: | |
| Ετικέτες: |
Προσθήκη ετικέτας
Δεν υπάρχουν, Καταχωρήστε ετικέτα πρώτοι!
|
MARC
| LEADER | 00000cam a2200000 a 4500 | ||
|---|---|---|---|
| 001 | 1/120879 | ||
| 008 | 200212s2014####cau||||||| |||| ||eng|| | ||
| 020 | |a 9780520282520 | ||
| 040 | |a GR-MyUa |b gre |c GR-MyUa |e AACR2 | ||
| 041 | 0 | |a eng | |
| 082 | 7 | |a 364.137 |2 (23) | |
| 100 | 1 | |a Andersson, Ruben, |d 1977- | |
| 245 | 1 | 0 | |a Illegality, inc. : |b clandestine migration and the business of bordering Europe / |c Ruben Andersson. |
| 260 | |a Oakland : |b University of California Press, |c 2014. | ||
| 300 | |a 338 σ. ; |c 23 εκ. | ||
| 490 | 1 | |a (California series in public anthropology ; |v 28) | |
| 650 | 0 | |a Illegal aliens |z Spain |z Cueta |v Case studies. | |
| 650 | 0 | |a Illegal aliens |z Spain |z Melilla |v Case studies. | |
| 651 | 0 | |a Ceuta (Spain) |x Emigration and immigration |v Case studies. | |
| 830 | 0 | |a California series in public anthropology | |
| 852 | |a INST |b LESVOS |e 20200212 |h 364.137 AND |p 005100062666 |q 005100062666 |t BK |y 0 | ||
| 920 | |a ΠΜΣ Κοινωνική και Ιστορική Ανθρωπολογία |y Λέσβος |z 2019-10 | ||
| 970 | |a Δημάκη |b Μαρία |z 12-02-2020 | ||